Landau and Lifshitz Course of Theoretical Physics - Statistics

General Stats
  • This quiz has been taken 8 times
  • The average score is 7 of 10
Answer Stats
Volume Title % Correct
6 Fluid Mechanics
100%
1 Mechanics
100%
4 Relativistic Quantum Theory
100%
5 Statistical Physics
100%
2 The Classical Theory of Fields
83%
7 Theory of Elasticity
83%
3 Quantum Mechanics: Non-Relativistic Theory
67%
10 Physical Kinetics
50%
9 Statistical Physics Part 2: Theory of the Condensed State
33%
8 Electrodynamics of Continuous Media
17%
No matching quizzes found
Score Distribution
Percent of People with Each Score
Percentile by Number Answered
Your Score History
You have not taken this quiz